| Tag |
First Indicator |
Second Indicator |
Subfields |
| LEADER |
00000cam a2200000 a 4500 |
| 001 |
in00001644729 |
| 005 |
20151023123908.0 |
| 008 |
961127s1996 ne a b 000 0 eng d |
| 010 |
|
|
|a 96224204
|
| 020 |
|
|
|a 9053834834
|
| 035 |
|
|
|a (OCoLC)ocm35736764
|
| 040 |
|
|
|a NN
|c DLC
|d VVC
|d UtOrBLW
|
| 042 |
|
|
|a lccopycat
|
| 049 |
|
|
|a TXAM
|
| 050 |
0 |
0 |
|a HD58.7
|b .C634 1996
|
| 245 |
0 |
0 |
|a Contradictions in context :
|b puzzling over paradoxes in contemporary organizations /
|c editors, Willem Koot, Ida Sabelis, Sierk Ybema.
|
| 264 |
|
1 |
|a Amsterdam :
|b VU University Press,
|c 1996.
|
| 300 |
|
|
|a vi, 214 pages :
|b illustrations ;
|c 24 cm.
|
| 336 |
|
|
|a text
|b txt
|2 rdacontent
|
| 337 |
|
|
|a unmediated
|b n
|2 rdamedia
|
| 338 |
|
|
|a volume
|b nc
|2 rdacarrier
|
| 490 |
1 |
|
|a Anthropological studies ;
|v 19
|
| 505 |
0 |
|
|a Global identity, local oddity? paradoxical processes in contemporary organizations / Willem Koot, Ida Sabelis en Sierk Ybema -- Paradoxes in social science and research / Joop Teunissen -- The duck-billed platypus in the theory and analysis of organizations: combinations of consensus and dissensus / Sierk Ybema -- The rhetoric of synergy and the practice of increasing ethnic rivalry in organizations / Willem Koot -- Globalization and the local development of models for management and organization: the periphery talks back / Peter Prud'homme van Reine -- The paradox of dependency: cross-cultural relations of three Dutch development organizations and their Bolivian counterparts -- Alfons van Marrewijk -- Strategy as paradox and paradox as strategy; images of and paradoxes in Chinese culture : expatriate managers in Sino-Western joint ventures / Harry Wels -- Between contrariness and complaisance; the paradox of power: about tools of upward influence in the Netherlands / Allard Willemier Westra -- Temporal paradoxes: working with cultural diversity in organizations / Ida Sabelis -- In search of wholeness in a fragmented business world; spiritual workshops and their participants / Ineke Hogema.
|
| 504 |
|
|
|a Includes bibliographical references.
|
| 650 |
|
0 |
|a Corporate culture.
|
| 650 |
|
0 |
|a Organizational behavior.
|
| 650 |
|
0 |
|a Comparative management.
|
| 700 |
1 |
|
|a Koot, Willem Cornelis Jozef,
|d 1948-
|
| 700 |
1 |
|
|a Sabelis, Ida,
|d 1954-
|
| 700 |
1 |
|
|a Ybema, Sierk,
|d 1967-
|
| 830 |
|
0 |
|a Anthropological studies VU ;
|v 19.
|
| 994 |
|
|
|a E0
|b TXA
|
| 948 |
|
|
|a cataloged
|b h
|c 2003/2/11
|d c
|e blrosas
|f 12:57:37 pm
|
| 999 |
|
|
|a MARS
|
| 999 |
f |
f |
|s 3e3e98c7-dc01-332f-89d8-a49507d63ad5
|i fdfbdbd5-7dbd-3199-b324-4083a346001e
|t 0
|
| 952 |
f |
f |
|p ric
|a Texas A&M University
|b Rellis Campus
|c Joint Library Facility
|d Remote Storage
|t 0
|e HD58.7 .C634 1996
|h Library of Congress classification
|i unmediated -- volume
|m A14829838299
|
| 998 |
f |
f |
|a HD58.7 .C634 1996
|t 0
|l Remote Storage
|